000 01384 am a2200421ua 4500
001 1869
003 FISKH
005 20241023154306.0
008 001016r20001954enka j| 000 1|eng
015 _aGBA0X7663
_2bnb
020 _a9780590016551
020 _a9780439580472
039 0 _a2613
040 _aFISKH
_dFISKH
_beng
_cFISKH
041 1 _aeng
_hswe
050 _aPZ7.L6585
082 0 4 _a839.7374
_221
100 1 _aLindgren, Astrid,
_d1907-2002.
240 1 0 _aPippi Langstrump.
_lEnglish
245 1 0 _aPippi Longstocking /
_cBy Astrid Lindgren ; translated from the Swedish by Florence Lamborn ; illustrated by Nancy Seligsohn
250 _aThis edition printing, February 2006
260 _aNew York :
_bScholastic,
_c1950
300 _a116 pages :
_billustrations ;
_c20 cm.
336 _atext
_2rdacontent
337 _aunmediated
_2rdamedia
338 _avolume
_2rdacarrier
490 0 _aOxford children's modern classics
505 _aW
521 8 _a870
_bLexile
521 8 _aW
_bRaz-Plus
546 _aTranslation from the Swedish.
650 0 _aLongstocking, Pippi (Fictitious character)
_vJuvenile fiction.
650 0 _aGirls
_zSweden
_vJuvenile fiction.
650 0 _aFriendship in children
_zSweden
_vJuvenile fiction.
655 0 7 _aChildren's stories.
_2lcsh
700 1 _aSeligsohn, Nancy
_eillustrator
942 _2ddc
_cBK
_n0
999 _c1869
_d1869